Normal view
MARC view
- القانون الجنائي -- الاردن -- جرائم الأموال -- الجريمة -- السرقة -- قوانيين وتشريعات -- الاردن -- النصب والاحتيال -- قوانيين وتشريعات -- الاردن
Entry Topical Term
001 - CONTROL NUMBER
- control field: 50728
003 - CONTROL NUMBER IDENTIFIER
- control field: JO-AjAnu
005 - DATE AND TIME OF LATEST TRANSACTION
- control field: 20230606082341.0
008 - FIXED-LENGTH DATA ELEMENTS
- fixed length control field: 230606|| aca||aabn | a|a d
040 ## - CATALOGING SOURCE
- Original cataloging agency: JO-AjAnu
- Transcribing agency: JO-AjAnu
150 ## - HEADING--TOPICAL TERM
- Topical term or geographic name entry element: القانون الجنائي -- الاردن -- جرائم الأموال -- الجريمة -- السرقة -- قوانيين وتشريعات -- الاردن -- النصب والاحتيال -- قوانيين وتشريعات -- الاردن
670 ## - SOURCE DATA FOUND
- Source citation: Work cat.: (JO-AjAnu)25931: السعيد، كامل , author 50727, شرح قانون العقوبات الجرائم الواقعة على الأموال